000 00229nam a2200097Ia 4500
001 645975
005 20250826153633.0
008 250824s9999 xx 000 0 und d
245 0 _aBENİM SÜPER DERSLERİM
260 _bGENÇ TİMAŞ
999 _c645975
_d645975